[Event "GRE-chT Online Rapid op 1st"]
[Site "Tornelo INT"]
[Date "2021.02.21"]
[Round "7.13"]
[White "Bunis, Vassilis"]
[Black "Gkavardinas, Antonios"]
[Result "1-0"]
[WhiteElo "2199"]
[BlackElo "1606"]
[PlyCount "107"]
[EventDate "2021.02.20"]
[EventType "team-swiss (rapid)"]
[EventRounds "9"]
[EventCountry "GRE"]
[SourceTitle "EXT 2023"]
[Source "ChessBase"]
[SourceDate "2022.10.05"]
[SourceVersion "1"]
[SourceVersionDate "2022.10.05"]
[SourceQuality "1"]

1. e4 c5 2. Nf3 g6 3. d4 cxd4 4. Nxd4 Nc6 5. Nc3 Bg7 6. Nde2 Nf6 7. g3 0-0 8. Bg2 d6 9. 0-0 Bd7 10. h3 Rc8 11. Kh2 Qb6 12. a4 Ne5 13. Ra2 Be6 14. Nd5 Nxd5 15. exd5 Bf5 16. b3 Qc7 17. Nd4 Bd7 18. f4 f5 19. fxe5 dxe5 20. Nb5 Qb8 21. c4 a6 22. Na3 f4 23. gxf4 exf4 24. Kh1 f3 25. Rxf3 Rxf3 26. Qxf3 Rf8 27. Qe3 Qd6 28. Rf2 Bf6 29. Nc2 e6 30. c5 Qe7 31. d6 Qg7 32. Qh6 Qf7 33. Ne3 Qe8 34. Ng4 Bg7 35. Rxf8+ Qxf8 36. Qf4 Qd8 37. Nh6+ Bxh6 38. Qxh6 Qf6 39. Qd2 Qf5 40. Bb2 Bc6 41. Bxc6 Qxh3+ 42. Kg1 bxc6 43. d7 Qg3+ 44. Kf1 Qf3+ 45. Ke1 Qh1+ 46. Ke2 Qe4+ 47. Kd1 Qb1+ 48. Ke2 Qe4+ 49. Kf2 Qh4+ 50. Ke3 Qg5+ 51. Kd3 Qf5+ 52. Kc4 Qe4+ 53. Qd4 Qe2+ 54. Kb4 1-0

[Event "GRE-chT Online Rapid op 1st"]
[Site "Tornelo INT"]
[Date "2021.02.21"]
[Round "6.6"]
[White "Galopoulos, Nikolaos"]
[Black "Bunis, Vassilis"]
[Result "1/2-1/2"]
[WhiteElo "2360"]
[BlackElo "2199"]
[PlyCount "74"]
[EventDate "2021.02.20"]
[EventType "team-swiss (rapid)"]
[EventRounds "9"]
[EventCountry "GRE"]
[SourceTitle "EXT 2023"]
[Source "ChessBase"]
[SourceDate "2022.10.05"]
[SourceVersion "1"]
[SourceVersionDate "2022.10.05"]
[SourceQuality "1"]

1. d4 Nf6 2. c4 e6 3. g3 d5 4. Bg2 c6 5. Nf3 Be7 6. 0-0 0-0 7. Qc2 Nbd7 8. b3 a6 9. c5 Ne4 10. Ne1 f5 11. Nd3 Bf6 12. Bb2 Ng5 13. Nd2 Nf7 14. f4 g5 15. Nf3 Kh8 16. Nfe5 Ndxe5 17. fxe5 Be7 18. b4 g4 19. a4 Bd7 20. Bc1 Ng5 21. Bxg5 Bxg5 22. Nf4 Qe8 23. e3 h5 24. Rfb1 h4 25. Kf2 Kg7 26. Bf1 Rh8 27. Ng2 hxg3+ 28. hxg3 Rh2 29. b5 axb5 30. axb5 Rxa1 31. Rxa1 cxb5 32. Ra7 Bc6 33. Qb3 Qb8 34. Ra5 Qd8 35. Ra7 Qb8 36. Ra5 Qd8 37. Ra7 Qb8 1/2-1/2

[Event "GRE-chT Online Rapid op 1st"]
[Site "Tornelo INT"]
[Date "2021.02.20"]
[Round "2.18"]
[White "Serntedakis, Athanasios"]
[Black "Bunis, Vassilis"]
[Result "0-1"]
[WhiteElo "2138"]
[BlackElo "2199"]
[PlyCount "196"]
[EventDate "2021.02.20"]
[EventType "team-swiss (rapid)"]
[EventRounds "9"]
[EventCountry "GRE"]
[SourceTitle "EXT 2023"]
[Source "ChessBase"]
[SourceDate "2022.10.05"]
[SourceVersion "1"]
[SourceVersionDate "2022.10.05"]
[SourceQuality "1"]

1. e4 c5 2. Nc3 e6 3. g3 Nc6 4. Bg2 a6 5. Nge2 Qc7 6. 0-0 h5 7. h3 Nge7 8. d3 Ng6 9. f4 Bd6 10. Be3 b6 11. Qd2 Bb7 12. a3 f6 13. e5 fxe5 14. f5 Nge7 15. fxe6 dxe6 16. Ne4 Nf5 17. Bg5 Be7 18. N2c3 0-0-0 19. g4 hxg4 20. hxg4 Nh6 21. Bxe7 Qxe7 22. Qg5 Qxg5 23. Nxg5 Rde8 24. Nf7 Nxf7 25. Rxf7 Re7 26. Raf1 Rhe8 27. Ne4 Kc7 28. Ng5 Nd8 29. Rxe7+ Rxe7 30. Bxb7 Kxb7 31. Kg2 Kc7 32. Rf8 Nb7 33. Ne4 Nd6 34. Nxd6 Kxd6 35. Kf3 Rc7 36. Rd8+ Ke7 37. Rb8 b5 38. Rb6 c4 39. Ke4 cxd3 40. cxd3 Rc2 41. b4 Re2+ 42. Kf3 Rd2 43. Ke3 Rg2 44. Rxa6 Rxg4 45. Rb6 e4 46. dxe4 Rg3+ 47. Kf4 Rxa3 48. Rxb5 Kf6 49. e5+ Kg6 50. Rb8 Rc3 51. b5 Rc4+ 52. Ke3 Kf5 53. Kd3 Rc5 54. b6 Kxe5 55. b7 Rb5 56. Kc4 Rb1 57. Kd3 g5 58. Rg8 Rb3+ 59. Ke2 Rxb7 60. Rxg5+ Kf4 61. Rg8 Rb3 62. Rh8 e5 63. Rh4+ Kg5 64. Ra4 Kf5 65. Ra8 Kf4 66. Rf8+ Ke4 67. Rh8 Rb2+ 68. Ke1 Ke3 69. Rh3+ Kf4 70. Rh4+ Kf3 71. Rh3+ Kg4 72. Rh8 Kf4 73. Rh4+ Ke3 74. Rh3+ Kd4 75. Rh8 Rb3 76. Ke2 Re3+ 77. Kf2 Ra3 78. Ke2 Ra2+ 79. Ke1 e4 80. Rh3 Rg2 81. Ra3 Rh2 82. Rb3 Ke5 83. Ra3 Kf4 84. Ra8 Kf3 85. Kd1 Rh1+ 86. Kd2 e3+ 87. Kd3 Rd1+ 88. Kc2 Rd5 89. Rf8+ Ke2 90. Kc3 Rc5+ 91. Kd4 Rc7 92. Re8 Rd7+ 93. Kc3 Kf2 94. Rf8+ Ke1 95. Re8 e2 96. Kc2 Rf7 97. Kd3 Kf1 98. Kd2 Rd7+ 0-1

[Event "GRE-chT 43rd"]
[Site "Porto Rio"]
[Date "2015.10.12"]
[Round "7.9"]
[White "Bunis, Vassilis"]
[Black "Kanellopoulos, Georgios"]
[Result "1-0"]
[WhiteElo "2240"]
[BlackElo "2085"]
[PlyCount "97"]
[EventDate "2015.10.08"]
[EventType "team-swiss"]
[EventRounds "7"]
[EventCountry "GRE"]
[SourceTitle "CBM 168 Extra"]
[Source "ChessBase"]
[SourceDate "2015.10.29"]
[SourceVersion "1"]
[SourceVersionDate "2015.10.29"]
[SourceQuality "1"]
[WhiteTeam "Chania Kydon"]
[BlackTeam "Patron"]
[WhiteTeamCountry "GRE"]
[BlackTeamCountry "GRE"]

1. e4 c5 2. Nf3 Nc6 3. d4 cxd4 4. Nxd4 Nf6 5. Nc3 e5 6. Ndb5 d6 7. Bg5 a6 8. Na3 b5 9. Nd5 Be7 10. Bxf6 Bxf6 11. c3 0-0 12. Nc2 Bg5 13. h4 Bh6 14. g4 Bf4 15. Nce3 Be6 16. Nf5 Bxd5 17. Qxd5 Ne7 18. Nxe7+ Qxe7 19. Rd1 Rfd8 20. g5 Rab8 21. a3 Rbc8 22. Rh3 Rc5 23. Qb3 d5 24. Rxd5 Rcxd5 25. exd5 e4 26. c4 Re8 27. cxb5 Qc7 28. Rc3 Qa5 29. Qb4 Qd8 30. Qc5 Be5 31. Rc2 Bd6 32. Qe3 axb5 33. Bg2 b4 34. a4 Qb8 35. Bxe4 b3 36. Rc4 Bf4 37. Qd3 Qe5 38. Rd4 Qc7 39. Kf1 Qc1+ 40. Kg2 Qxb2 41. Bxh7+ Kf8 42. Rxf4 Qc1 43. Rc4 Qa3 44. d6 Rd8 45. d7 g6 46. Qd4 b2 47. Qh8+ Ke7 48. Qe5+ Kf8 49. Rc8 1-0

[Event "GRE-chT 43rd"]
[Site "Porto Rio"]
[Date "2015.10.11"]
[Round "6.10"]
[White "Kazantzidis, Ilias"]
[Black "Bunis, Vassilis"]
[Result "0-1"]
[WhiteElo "2112"]
[BlackElo "2240"]
[PlyCount "100"]
[EventDate "2015.10.08"]
[EventType "team-swiss"]
[EventRounds "7"]
[EventCountry "GRE"]
[SourceTitle "CBM 168 Extra"]
[Source "ChessBase"]
[SourceDate "2015.10.29"]
[SourceVersion "1"]
[SourceVersionDate "2015.10.29"]
[SourceQuality "1"]
[WhiteTeam "Kavalas OFS"]
[BlackTeam "Chania Kydon"]
[WhiteTeamCountry "GRE"]
[BlackTeamCountry "GRE"]

1. d4 Nf6 2. Bg5 Ne4 3. Bf4 d5 4. e3 c6 5. Bd3 Nd7 6. f3 Nd6 7. Nc3 e6 8. e4 Qb6 9. Nge2 Qxb2 10. 0-0 Qb6 11. Rb1 Qa5 12. Bd2 Qd8 13. Qe1 Nb6 14. Qg3 Nbc4 15. Bg5 f6 16. Bc1 b5 17. exd5 exd5 18. Bxh7 Nf7 19. Bg6 Bd6 20. Bf4 Kf8 21. Rfe1 Qc7 22. Bxd6+ Qxd6 23. Nf4 Rh6 24. Re2 Bd7 25. Rbe1 Nfe5 26. dxe5 fxe5 27. Qg5 exf4 28. Qf5+ Qf6 29. Qxd7 Qxg6 30. Re6 Qh5 31. Rxh6 Qxh6 32. Re6 Qg5 33. Qxc6 Rd8 34. Nxb5 Ne3 35. g3 Kg8 36. Rg6 Qe5 37. Qc3 Qxc3 38. Nxc3 fxg3 39. Rxg3 d4 40. Ne4 Nxc2 41. Rg2 Ne1 42. Rf2 Rf8 43. Nd2 d3 44. Rf1 Re8 45. Ne4 Rxe4 46. fxe4 d2 47. Kf2 d1Q 48. Rxe1 Qd4+ 49. Kf3 Qf6+ 50. Kg2 Qb2+ 0-1

[Event "GRE-chT 43rd"]
[Site "Porto Rio"]
[Date "2015.10.08"]
[Round "2.3"]
[White "Bunis, Vassilis"]
[Black "Mastrovasilis, Athanasios"]
[Result "0-1"]
[WhiteElo "2240"]
[BlackElo "2536"]
[PlyCount "76"]
[EventDate "2015.10.08"]
[EventType "team-swiss"]
[EventRounds "7"]
[EventCountry "GRE"]
[SourceTitle "CBM 168 Extra"]
[Source "ChessBase"]
[SourceDate "2015.10.29"]
[SourceVersion "1"]
[SourceVersionDate "2015.10.29"]
[SourceQuality "1"]
[WhiteTeam "Chania Kydon"]
[BlackTeam "Thessaloniki"]
[WhiteTeamCountry "GRE"]
[BlackTeamCountry "GRE"]

1. e4 c5 2. Nf3 g6 3. d4 cxd4 4. Nxd4 Nc6 5. Nc3 Bg7 6. Nde2 h5 7. Be3 Nf6 8. h3 b5 9. a3 Bb7 10. Nf4 b4 11. axb4 Nxb4 12. Nd3 a5 13. Nc5 Bc6 14. e5 Nfd5 15. Nxd5 Nxd5 16. Bd4 0-0 17. Nd3 d6 18. Qe2 Qb8 19. c4 Nb4 20. Nxb4 axb4 21. Rxa8 Qxa8 22. f3 Rd8 23. Kf2 Qb8 24. f4 Qb7 25. Qe3 dxe5 26. fxe5 Qd7 27. Bb6 Qf5+ 28. Kg1 Rd1 29. Qf2 Qxe5 30. h4 Bd7 31. b3 Bf5 32. g3 Be4 33. Kh2 Bxh1 34. Kxh1 Rb1 35. Qf3 Qf6 36. Qxf6 Bxf6 37. Kg2 Rxb3 38. Bf2 Rc3 0-1

[Event "GRE-chT 42nd"]
[Site "Porto Rio"]
[Date "2014.07.01"]
[Round "5.1"]
[White "Bunis, Vassilis"]
[Black "Kanellopoulos, Panayotis"]
[Result "0-1"]
[WhiteElo "2275"]
[BlackElo "2258"]
[PlyCount "218"]
[EventDate "2014.06.28"]
[EventType "team-swiss"]
[EventRounds "7"]
[EventCountry "GRE"]
[SourceTitle "CBM 161 Extra"]
[Source "ChessBase"]
[SourceDate "2014.08.29"]
[SourceVersion "1"]
[SourceVersionDate "2014.08.29"]
[SourceQuality "1"]
[WhiteTeam "Kavalas OFS"]
[BlackTeam "Nautical Association"]
[WhiteTeamCountry "GRE"]
[BlackTeamCountry "GRE"]

1. e4 c5 2. Nf3 d6 3. d4 cxd4 4. Nxd4 Nf6 5. Nc3 a6 6. Bc4 e6 7. a3 Be7 8. Ba2 0-0 9. 0-0 Nc6 10. Kh1 Nxd4 11. Qxd4 e5 12. Qd3 Be6 13. Nd5 Nxd5 14. Bxd5 Qd7 15. c4 Rac8 16. Be3 Bxd5 17. Qxd5 Qc6 18. Qxc6 Rxc6 19. b3 Rfc8 20. a4 h6 21. g3 Kf8 22. Rad1 Bd8 23. Rd3 Bb6 24. Bd2 Bd4 25. f4 Ke7 26. g4 Rb8 27. g5 hxg5 28. fxg5 Rcc8 29. Rdf3 Rf8 30. h4 b5 31. cxb5 axb5 32. axb5 Rxb5 33. h5 d5 34. exd5 Rb7 35. Bc1 Kd6 36. g6 f6 37. h6 Kxd5 38. h7 Rh8 39. Rh3 e4 40. Rh5+ Ke6 41. Rf4 Rxb3 42. Rxe4+ Be5 43. Bf4 Rb5 44. Bxe5 Rxe5 45. Rhxe5+ fxe5 46. Ra4 Kf5 47. Ra6 Rb8 48. Kg2 Rc8 49. Kf3 Rb8 50. Ke3 Rb3+ 51. Kf2 Rb8 52. Rd6 Rb2+ 53. Kg3 Rb3+ 54. Kf2 Rb2+ 55. Ke1 Rb1+ 56. Kd2 Rb8 57. Rc6 Rd8+ 58. Kc3 Re8 59. Kd3 Rd8+ 60. Ke3 Ra8 61. Rb6 Ra3+ 62. Kf2 Ra2+ 63. Kg3 Ra3+ 64. Kh4 Ra4+ 65. Kg3 Ra3+ 66. Kf2 Ra2+ 67. Kf1 Ra1+ 68. Ke2 Ra8 69. Kd3 Rd8+ 70. Kc4 e4 71. Kc3 e3 72. Rb1 Kxg6 73. Rh1 e2 74. Re1 Kxh7 75. Rxe2 g6 76. Rh2+ Kg7 77. Rg2 Kf6 78. Rf2+ Ke5 79. Rg2 Kf5 80. Rf2+ Ke4 81. Rg2 Rd6 82. Rg1 Kf4 83. Rf1+ Ke3 84. Rg1 Rc6+ 85. Kb4 Kf4 86. Kb5 Re6 87. Rf1+ Ke4 88. Kc4 Rd6 89. Rg1 Kf5 90. Rf1+ Ke6 91. Rg1 Kf7 92. Kc5 Rd3 93. Kc4 Rh3 94. Kd4 Kf6 95. Ke4 g5 96. Rf1+ Kg6 97. Rg1 Kh5 98. Kf5 g4 99. Kf4 Kh4 100. Rg2 Rh1 101. Ra2 Rf1+ 102. Ke3 Kg3 103. Ra3 Kg2 104. Ra2+ Kg3 105. Ra7 Re1+ 106. Kd2 Re5 107. Rg7 Kf3 108. Rf7+ Kg2 109. Kd1 g3 0-1

[Event "GRE-chT 42nd"]
[Site "Porto Rio"]
[Date "2014.06.29"]
[Round "3.1"]
[White "Bunis, Vassilis"]
[Black "Zahariev, Zahari"]
[Result "0-1"]
[WhiteElo "2275"]
[BlackElo "2404"]
[PlyCount "121"]
[EventDate "2014.06.28"]
[EventType "team-swiss"]
[EventRounds "7"]
[EventCountry "GRE"]
[SourceTitle "CBM 161 Extra"]
[Source "ChessBase"]
[SourceDate "2014.08.29"]
[SourceVersion "1"]
[SourceVersionDate "2014.08.29"]
[SourceQuality "1"]
[WhiteTeam "Kavalas OFS"]
[BlackTeam "Chania Kydon"]
[WhiteTeamCountry "GRE"]
[BlackTeamCountry "GRE"]

1. e4 d6 2. d4 Nf6 3. Nc3 c6 4. Bg5 Nbd7 5. Nf3 e5 6. a4 Be7 7. Be2 0-0 8. 0-0 Re8 9. Re1 Qc7 10. Nh4 h6 11. Bxf6 Bxf6 12. Nf5 exd4 13. Nxd4 Nc5 14. Bf3 d5 15. b4 Ne6 16. Nxe6 Bxe6 17. Ra3 d4 18. Ne2 Rad8 19. Rd3 Qb6 20. Qb1 a5 21. bxa5 Qxa5 22. Rdd1 Qxa4 23. Qxb7 Be5 24. Qb1 c5 25. Qc1 c4 26. Ng3 Qa5 27. Nf5 d3 28. cxd3 cxd3 29. Qe3 Bxf5 30. exf5 Bxh2+ 31. Kxh2 Rxe3 32. Rxe3 Qxf5 33. Rd2 Rd4 34. g3 g6 35. Kg2 h5 36. Be2 Qd5+ 37. Bf3 Qc4 38. Re1 Qc3 39. Red1 Kg7 40. Bb7 f5 41. f3 h4 42. Ba6 hxg3 43. Kxg3 Qc7+ 44. Kg2 Rh4 45. Bxd3 Rh2+ 46. Kf1 Rh1+ 47. Kf2 Qh2+ 48. Ke3 Qe5+ 49. Kf2 Rh2+ 50. Kf1 Rxd2 51. Rxd2 Qe3 52. Rd1 Qxf3+ 53. Ke1 Kf6 54. Be2 Qf4 55. Rd3 g5 56. Rf3 Qb4+ 57. Kf2 g4 58. Rd3 Qc5+ 59. Kg2 Kg5 60. Rg3 Kh4 61. Rb3 0-1

[Event "GRE-chT 42nd"]
[Site "Porto Rio"]
[Date "2014.06.28"]
[Round "1.1"]
[White "Pavlidis, Antonios"]
[Black "Bunis, Vassilis"]
[Result "1-0"]
[WhiteElo "2478"]
[BlackElo "2275"]
[PlyCount "71"]
[EventDate "2014.06.28"]
[EventType "team-swiss"]
[EventRounds "7"]
[EventCountry "GRE"]
[SourceTitle "CBM 161 Extra"]
[Source "ChessBase"]
[SourceDate "2014.08.29"]
[SourceVersion "1"]
[SourceVersionDate "2014.08.29"]
[SourceQuality "1"]
[WhiteTeam "Kavalas CN"]
[BlackTeam "Kavalas OFS"]
[WhiteTeamCountry "GRE"]
[BlackTeamCountry "GRE"]

1. e4 c5 2. Nf3 e6 3. d4 cxd4 4. Nxd4 a6 5. Bd3 Qc7 6. 0-0 b5 7. a4 b4 8. Nd2 Bb7 9. Nc4 Nc6 10. Nxc6 Bxc6 11. Be3 Nf6 12. e5 Nd5 13. Qg4 h5 14. Qd4 Nxe3 15. fxe3 Qa7 16. Qf4 0-0-0 17. Nd6+ Bxd6 18. exd6 a5 19. c3 g5 20. Qe5 f5 21. cxb4 axb4 22. Bb5 Be4 23. Rfc1+ Kb8 24. Rc5 Rc8 25. Rac1 Rxc5 26. Rxc5 Rc8 27. Rxc8+ Kxc8 28. Kf2 Bd5 29. Qh8+ Kb7 30. Qd8 Qc5 31. Qxd7+ Kb8 32. Qd8+ Qc8 33. Qb6+ Qb7 34. Qd8+ Qc8 35. Qb6+ Qb7 36. a5 1-0

[Event "Plovdiv Tringov Memorial 35th"]
[Site "Plovdiv"]
[Date "2013.02.10"]
[Round "9"]
[White "Petrov, Marian"]
[Black "Bunis, Vassilis"]
[Result "1-0"]
[WhiteElo "2518"]
[BlackElo "2253"]
[PlyCount "71"]
[EventDate "2013.02.03"]
[EventType "swiss"]
[EventRounds "9"]
[EventCountry "BUL"]
[SourceTitle "CBM 152 Extra"]
[Source "ChessBase"]
[SourceDate "2013.02.25"]
[SourceVersion "1"]
[SourceVersionDate "2013.02.25"]
[SourceQuality "1"]

1. e4 e5 2. Nf3 Nc6 3. Bb5 a6 4. Ba4 Nf6 5. 0-0 b5 6. Bb3 Be7 7. a4 Bb7 8. d3 0-0 9. Nc3 Nd4 10. Nxd4 exd4 11. Ne2 c5 12. e5 Nd5 13. Ng3 d6 14. exd6 Bxd6 15. Nf5 Ne7 16. Bg5 Qc7 17. Nxd6 Qxd6 18. Qg4 Nd5 19. Rfe1 Rae8 20. Qg3 Qxg3 21. hxg3 Rxe1+ 22. Rxe1 Rc8 23. Re5 c4 24. dxc4 bxa4 25. Bxa4 f6 26. cxd5 fxe5 27. d6 h6 28. Bd2 Bc6 29. Bxc6 Rxc6 30. Bb4 Rc8 31. Ba5 Kf7 32. d7 Ra8 33. d8Q Rxd8 34. Bxd8 Ke6 35. Kf1 Kd5 36. Ke2 1-0

[Event "BUL-chT-B 62nd"]
[Site "Sunny Beach"]
[Date "2012.09.20"]
[Round "2.3"]
[White "Bunis, Vassilis"]
[Black "Milchev, Nikolay"]
[Result "0-1"]
[WhiteElo "2266"]
[BlackElo "2422"]
[PlyCount "126"]
[EventDate "2012.09.19"]
[EventType "team-swiss"]
[EventRounds "7"]
[EventCountry "BUL"]
[SourceTitle "CBM 150 Extra"]
[Source "ChessBase"]
[SourceDate "2012.10.19"]
[SourceVersion "1"]
[SourceVersionDate "2012.10.19"]
[SourceQuality "1"]
[WhiteTeam "Shumen 2005"]
[BlackTeam "Dupnitsa Marek Union"]
[WhiteTeamCountry "BUL"]
[BlackTeamCountry "BUL"]

1. e4 Nf6 2. Nc3 e5 3. Nf3 Nc6 4. Bc4 Nxe4 5. Nxe4 d5 6. Bxd5 Qxd5 7. Nc3 Qd6 8. d3 Bg4 9. h3 Bh5 10. Ne4 Qd5 11. g4 Bg6 12. Qe2 0-0-0 13. Bd2 h5 14. Nc3 Qd7 15. 0-0-0 hxg4 16. Nxe5 Nxe5 17. Qxe5 gxh3 18. Qe3 Kb8 19. Rde1 Bb4 20. a3 Ba5 21. Qe5 Bb6 22. Be3 f6 23. Qg3 Bf5 24. Bxb6 axb6 25. Ne4 Rde8 26. f3 Re5 27. Rh2 Rhe8 28. Rg1 R8e7 29. Rd1 Qd4 30. Qg1 Qd5 31. b3 Rd7 32. Rf1 Ree7 33. Kb1 Qa5 34. Kb2 Qe5+ 35. Kb1 Qf4 36. Qf2 Rd8 37. Rg1 Qe5 38. Qg3 Qa5 39. Kb2 Bc8 40. Nc3 Qc5 41. Qf2 Qe5 42. f4 Qh5 43. Ne4 Rh8 44. Ng3 Qd5 45. Ne4 Bf5 46. Nc3 Qe6 47. Nb5 Qd5 48. Nc3 Qd7 49. a4 Rhe8 50. Rg3 Qc6 51. Nb5 Qc5 52. d4 Qd5 53. Nc3 Qd7 54. d5 Qd6 55. Qd2 Rd8 56. Qf2 Qb4 57. Re3 Red7 58. Qg3 Qd4 59. Ka3 c6 60. dxc6 bxc6 61. b4 Qc4 62. Na2 Bxc2 63. Rc3 Rd3 0-1

[Event "GRE-chT 37th"]
[Site "Kallithea"]
[Date "2009.07.08"]
[Round "8"]
[White "Ignatiadis, Konstantinos"]
[Black "Bunis, Vassilis"]
[Result "0-1"]
[WhiteElo "2227"]
[BlackElo "2259"]
[PlyCount "50"]
[EventDate "2009.07.03"]
[EventType "team-tourn"]
[EventRounds "9"]
[EventCountry "GRE"]
[SourceTitle "CBM 131 Extra"]
[Source "ChessBase"]
[SourceDate "2009.09.03"]
[SourceVersion "2"]
[SourceVersionDate "2009.09.16"]
[SourceQuality "1"]

1. d4 Nf6 2. Bg5 Ne4 3. Bf4 d5 4. f3 Nf6 5. Nc3 c6 6. Qd3 b6 7. 0-0-0 Ba6 8. Qd2 e6 9. g4 Bd6 10. g5 Nh5 11. Bxd6 Qxd6 12. Nh3 Nd7 13. Bg2 0-0-0 14. e4 h6 15. f4 hxg5 16. Nxg5 Rdf8 17. e5 Qe7 18. f5 Rh6 19. f6 gxf6 20. Nxf7 Rh7 21. Nd6+ Kb8 22. Qe3 fxe5 23. dxe5 Nf4 24. Bf1 Bxf1 25. Rdxf1 Ng6 0-1

[Event "GRE-chT 37th"]
[Site "Kallithea"]
[Date "2009.07.05"]
[Round "3"]
[White "Bunis, Vassilis"]
[Black "Pitselis, Grigorios"]
[Result "1/2-1/2"]
[WhiteElo "2259"]
[BlackElo "2120"]
[PlyCount "94"]
[EventDate "2009.07.03"]
[EventType "team-tourn"]
[EventRounds "9"]
[EventCountry "GRE"]
[SourceTitle "CBM 131 Extra"]
[Source "ChessBase"]
[SourceDate "2009.09.03"]
[SourceVersion "2"]
[SourceVersionDate "2009.09.16"]
[SourceQuality "1"]

1. e4 e6 2. d4 d5 3. Nd2 Be7 4. Ngf3 Nf6 5. Bd3 c5 6. exd5 Qxd5 7. dxc5 Bxc5 8. 0-0 0-0 9. Qe2 Nbd7 10. Ne4 Nxe4 11. Bxe4 Qh5 12. Bd3 Nf6 13. Bg5 Bd7 14. Qe5 Bxf2+ 15. Rxf2 Ng4 16. Qg3 Nxf2 17. Kxf2 f6 18. Qh4 Qxh4+ 19. Bxh4 Rac8 20. Rd1 Bc6 21. Nd4 Bd5 22. b3 e5 23. Nf5 Rc7 24. c4 Be6 25. Ne3 Rd7 26. Ke1 g6 27. Be4 Rxd1+ 28. Nxd1 Bc8 29. Bf2 a6 30. Nc3 Kg7 31. Bd5 f5 32. Bb6 h5 33. h4 g5 34. hxg5 Kg6 35. Be3 h4 36. Kf2 h3 37. gxh3 f4 38. Bc5 Rh8 39. Bg2 Bxh3 40. Bxb7 Bf5 41. Kg2 Rh3 42. Bf3 Rg3+ 43. Kf2 Bg4 44. Be4+ Bf5 45. Bf3 Bg4 46. Be4+ Bf5 47. Bf3 Bg4 1/2-1/2

[Event "GRE-chT 34th"]
[Site "Ermioni Argolidas"]
[Date "2005.07.06"]
[Round "3"]
[White "Kapnisis, Spyridon"]
[Black "Bunis, Vassilis"]
[Result "1-0"]
[WhiteElo "2420"]
[BlackElo "2270"]
[PlyCount "141"]
[EventDate "2005.07.04"]
[EventType "team"]
[EventRounds "9"]
[EventCountry "GRE"]
[SourceTitle "CBM 107 Extra"]
[Source "ChessBase"]
[SourceDate "2005.09.01"]
[SourceVersion "1"]
[SourceVersionDate "2005.09.01"]
[SourceQuality "1"]

1. d4 d5 2. c4 e6 3. Nc3 Nf6 4. Nf3 Be7 5. Bg5 0-0 6. e3 Nbd7 7. Bd3 dxc4 8. Bxc4 c5 9. 0-0 cxd4 10. exd4 Nb6 11. Bb3 Nbd5 12. Ne5 Nxc3 13. bxc3 Nd7 14. Bf4 Nxe5 15. Bxe5 Bd6 16. Qe2 Bxe5 17. Qxe5 Bd7 18. Rad1 Rc8 19. Rd3 Qf6 20. Qa5 a6 21. Rf3 Qh4 22. Qe5 Bc6 23. Rg3 Qh6 24. f4 g6 25. f5 exf5 26. Qxf5 Qg7 27. Qd3 Rcd8 28. a4 b5 29. axb5 axb5 30. Rg5 Rd6 31. Qg3 Rf6 32. Re1 Bd7 33. Rge5 Qh6 34. Qe3 Qxe3+ 35. R1xe3 Rd6 36. d5 Rc8 37. Kf2 Kf8 38. Ke2 Bf5 39. Kd2 Rd7 40. Rf3 Rc5 41. h3 h5 42. Rf4 Rd6 43. g4 hxg4 44. hxg4 Bd7 45. Kd3 Rc8 46. Kd4 f6 47. Re1 Ra6 48. Rh1 Kg7 49. Re4 Re8 50. Rhe1 Rxe4+ 51. Rxe4 Kf8 52. Kc5 f5 53. gxf5 gxf5 54. Rh4 Rf6 55. d6 f4 56. Rh8+ Kg7 57. Rd8 Bf5 58. d7 Bxd7 59. Rxd7+ Kf8 60. Rd2 Rf5+ 61. Kb4 Ke7 62. Bc2 Rf8 63. Kxb5 Ke6 64. Be4 Ke5 65. Bf3 Rb8+ 66. Kc4 Rc8+ 67. Kb3 Rb8+ 68. Kc2 Rh8 69. c4 Rh3 70. Rd5+ Kf6 71. Rd3 1-0

[Event "BUL-chT"]
[Site "Varna"]
[Date "1995.??.??"]
[Round "2"]
[White "Bunis, Vassilis"]
[Black "Kerchev, Zlatozar"]
[Result "1-0"]
[WhiteElo "2330"]
[BlackElo "2265"]
[PlyCount "57"]
[EventDate "1995.??.??"]
[EventType "team"]
[EventRounds "7"]
[EventCountry "BUL"]
[SourceTitle "EXT 2002"]
[Source "ChessBase"]
[SourceDate "2001.11.25"]
[SourceVersion "1"]
[SourceVersionDate "2001.11.25"]
[SourceQuality "1"]

1. e4 c5 2. Nf3 Nc6 3. Bb5 d6 4. 0-0 Bg4 5. Re1 Qb6 6. Nc3 e6 7. h3 Bh5 8. a4 a6 9. a5 Qc7 10. Ba4 Be7 11. Nd5 exd5 12. exd5 Nf6 13. dxc6 bxc6 14. Ra3 Ra7 15. Rae3 Nd5 16. Re4 Bg6 17. R4e2 0-0 18. c4 Bd3 19. cxd5 Bxe2 20. Rxe2 cxd5 21. d4 Qxa5 22. dxc5 dxc5 23. Ne5 Rc8 24. Nc6 Rxc6 25. Bxc6 d4 26. Bf4 Qb6 27. Bd5 Rd7 28. Bc4 d3 29. Bxd3 1-0

[Event "BUL-chT"]
[Site "Varna"]
[Date "1995.??.??"]
[Round "3"]
[White "Todorov, Ognjan"]
[Black "Bunis, Vassilis"]
[Result "1/2-1/2"]
[WhiteElo "2405"]
[BlackElo "2330"]
[PlyCount "53"]
[EventDate "1995.??.??"]
[EventType "team"]
[EventRounds "7"]
[EventCountry "BUL"]
[SourceTitle "EXT 2002"]
[Source "ChessBase"]
[SourceDate "2001.11.25"]
[SourceVersion "1"]
[SourceVersionDate "2001.11.25"]
[SourceQuality "1"]

1. d4 Nf6 2. Nf3 d5 3. c4 e6 4. g3 Be7 5. Bg2 0-0 6. 0-0 Nbd7 7. Qc2 Ne4 8. b3 c6 9. Ba3 Bxa3 10. Nxa3 f5 11. b4 Qc7 12. Qb3 a6 13. Nc2 Nb6 14. c5 Nc4 15. Rad1 Bd7 16. Ne3 Nxe3 17. Qxe3 a5 18. Rb1 axb4 19. Rxb4 b5 20. a4 Rxa4 21. Rxa4 bxa4 22. Rb1 Ra8 23. Qa3 Qd8 24. Ne5 Be8 25. Rb4 Qa5 26. Nd3 Nd2 27. Nb2 1/2-1/2

[Event "BUL it"]
[Site "Bulgaria"]
[Date "1988.??.??"]
[Round "?"]
[White "Tosic, Miroslav"]
[Black "Bunis, Vassilis"]
[Result "1-0"]
[WhiteElo "2395"]
[BlackElo "2305"]
[PlyCount "159"]
[EventDate "1988.??.??"]
[EventType "tourn"]
[EventRounds "11"]
[EventCountry "BUL"]
[SourceTitle "EXT 2004"]
[Source "ChessBase"]
[SourceDate "2003.11.25"]
[SourceVersion "1"]
[SourceVersionDate "2003.11.25"]
[SourceQuality "1"]

1. c4 Nf6 2. Nc3 d5 3. cxd5 Nxd5 4. g3 Nxc3 5. bxc3 Qd5 6. Nf3 Nc6 7. Bg2 Ne5 8. 0-0 Nxf3+ 9. Bxf3 Qa5 10. Qb3 Qb6 11. d3 c6 12. Be3 Qa5 13. d4 e6 14. c4 Be7 15. d5 cxd5 16. cxd5 0-0 17. Rfd1 exd5 18. Bxd5 Qa6 19. Rd2 Qg6 20. Rc1 a5 21. Rc7 a4 22. Qc4 Bh3 23. Rd1 Rac8 24. Bxb7 Be6 25. Qc6 Rcd8 26. Qxa4 Rxd1+ 27. Qxd1 Rd8 28. Qc2 Qxc2 29. Rxc2 Rd1+ 30. Kg2 Ra1 31. Bc5 Bxc5 32. Rxc5 Rxa2 33. Bf3 Kf8 34. g4 h6 35. h4 Ke7 36. e3 Kd6 37. Rc6+ Kd7 38. Rb6 Kc7 39. Rb7+ Kd6 40. Rb8 Ke7 41. Kg3 Ra1 42. Bg2 Ra3 43. h5 Kf6 44. Rb5 Rb3 45. Ra5 Rc3 46. Ra6 Ke7 47. Bc6 Kd6 48. Be4+ Ke7 49. Ra5 Kd6 50. Bf5 Bd5 51. Kf4 Rc5 52. Ra3 Bc4 53. e4 Rc7 54. e5+ Ke7 55. Ke3 Rb7 56. Ra8 f6 57. f4 fxe5 58. fxe5 Kf7 59. Kd4 Rc7 60. Ra4 Bb3 61. Ra6 Rc4+ 62. Kd3 Rc7 63. Rg6 Kf8 64. Rb6 Bf7 65. Bg6 Bc4+ 66. Kd4 Ke7 67. Bf5 Bf7 68. e6 Be8 69. Be4 Ra7 70. Ke5 Rc7 71. Bd5 Ra7 72. Rb8 Rc7 73. Ra8 g6 74. hxg6 Bxg6 75. Rg8 Be8 76. Rh8 Rc5 77. Rxh6 Bc6 78. Rh7+ Kd8 79. Kd6 Rxd5+ 80. Kxc6 1-0